[Event "87th Tata Steel Challengers 2025"]
[Site "Wijk aan Zee"]
[Date "2025.01.22"]
[Round "5.6"]
[White "Gurel, Ediz"]
[Black "Nguyen, Thai Dai Van"]
[Result "1/2-1/2"]
[WhiteElo "2624"]
[BlackElo "2668"]
[Annotator "Chessbase - Stockfish 17"]
[PlyCount "237"]
[EventDate "2025.??.??"]

{[%evp 154,236,210,210,344,256,236,210,210,210,210,210,210,210,210,210,210,210,210,210,210,210,210,210,210,210,210,210,210,210,210,210,210,210,210,210,210,0,210,210,210,210,210,210,210,204,1120,210,210,210,210,210,210,210,210,210,210,210,210,210,428,251,210,210,210,81,81,81,81,81,81,78,78,78,78,78,78,78,29980,29981,29981,72,72,0,0]} 1. e4 e5 2. Nf3 Nc6 3. Bb5 Nf6 4. d3 d6 5. O-O Be7 6. Re1 O-O 7. c3 a6 8. Ba4 Re8 9. Nbd2 Bf8 10. Nf1 h6 11. Ng3 b5 12. Bb3 Be6 13. a4 $6 {Inaccuracy. d4 was best.} (13. d4 Bxb3) 13... b4 14. Bxe6 Rxe6 15. d4 d5 16. dxe5 Nxe4 $6 {Inaccuracy. Nxe5 was best.} (16... Nxe5) 17. c4 Nxe5 18. cxd5 Nxf2 19. Kxf2 Ng4+ 20. Kf1 Rxe1+ 21. Qxe1 Qf6 $146 (21... Qxd5 22. Qe4 Qd1+ 23. Qe1 Qd5 24. Qe4 Qd1+ 25. Qe1 {½-½ (25) Vachier Lagrave,M (2780)-Naiditsch,A (2721) Douglas 2018}) 22. Qe4 Nxh2+ 23. Kg1 Nxf3+ 24. gxf3 Bd6 $6 {Inaccuracy. Rd8 was best.} (24... Rd8 25. Kg2 Rd7 26. Rb1 Qd8 27. Be3 Rxd5 28. Kf2 Qd7 29. Rc1 Bd6 30. Qg4) 25. Nf5 Rd8 26. Nxd6 $2 {Mistake. Kf1 was best.} (26. Kf1 Bc5 27. Rb1 Kf8 28. Be3 Bxe3 29. Nxe3 Re8 30. Qxb4+ Kg8 31. Kf2 a5) 26... Rxd6 27. Qe8+ Kh7 28. Qe4+ Kg8 29. Kf2 c6 30. dxc6 $6 {Inaccuracy. Qxb4 was best.} (30. Qxb4 Rxd5 31. Ra3 Rd4 32. Qb8+ Kh7 33. Be3 Rg4 34. Qb3 Kg8 35. Bd2 Rg6) 30... Rxc6 31. Bd2 Qd6 $6 {Inaccuracy. Re6 was best.} (31... Re6 32. Qf4 Qxb2 33. Rc1 b3 34. Rc8+ Kh7 35. Qf5+ Rg6 36. Ke2 Qa2 37. Qxf7) 32. Bf4 Qc5+ 33. Kf1 $6 {Inaccuracy. Be3 was best.} (33. Be3) 33... Re6 34. Qd3 Rg6 35. Re1 Qg1+ 36. Ke2 Qg2+ 37. Kd1 Qxb2 38. Qc2 Qd4+ 39. Bd2 Qa1+ 40. Ke2 Qd4 41. Kd1 Qa1+ 42. Ke2 Qf6 43. Qd3 b3 44. Bc3 Qh4 45. Kd1 Qxa4 46. Bb2 Qh4 47. Re8+ Kh7 48. Re4 Qh2 49. Re2 Qd6 50. Kd2 Qb4+ 51. Kd1 Qd6 52. Kd2 Qb4+ $6 {Inaccuracy. Qxd3+ was best.} (52... Qxd3+ 53. Kxd3) 53. Kd1 a5 54. Re4 Qd6 55. Rd4 Qh2 56. Kc1 Qc7+ 57. Bc3 Qh2 58. Bxa5 f5 59. Bd2 Qe5 60. Bc3 Qe6 61. Rd5 Rg2 62. Bd2 Qf6 63. Qxb3 Rg1+ 64. Kc2 Qc6+ 65. Kd3 Qa6+ 66. Ke3 Qa7+ $6 {Inaccuracy. Ra1 was best.} (66... Ra1) 67. Rd4 Qe7+ 68. Kd3 Qe5 69. Rd5 $6 {Inaccuracy. Qd5 was best.} (69. Qd5 Qxd5 70. Rxd5 Kg6 71. Ke3 Ra1 72. Kf4 Ra4+ 73. Kg3 Ra3 74. Rb5 Rd3) 69... Qe6 70. Qb5 Rb1 71. Qc5 Rb3+ 72. Bc3 Qe1 73. Qd4 $6 {Inaccuracy. Rd6 was best.} (73. Rd6) 73... Qf1+ 74. Kc2 Rb7 75. Qd3 Qxd3+ 76. Kxd3 Rf7 77. Ke3 Kg6 $4 {Blunder. g5 was best.} (77... g5) 78. Kf4 Rc7 (78... Kh5 79. Rxf5+ g5+ 80. Ke4 Re7+ 81. Re5 Rc7) 79. Bd4 $18 Rf7 $6 {Inaccuracy. Rc4 was best.} (79... Rc4 80. Rd6+) 80. Bf2 $6 {Inaccuracy. Bc5 was best.} (80. Bc5) 80... Rb7 81. Rd6+ (81. Rxf5 $2 Rb4+ 82. Ke5 Rb5+ 83. Kf4 Rxf5+ $19) 81... Kh5 82. Kxf5 Rf7+ 83. Ke4 Re7+ 84. Kf4 g5+ 85. Kf5 Rb7 86. Bd4 Rb3 87. Ke4 Rb4 88. Rc6 Ra4 89. Ke3 Ra3+ 90. Kf2 Ra2+ 91. Kg3 Ra3 92. Re6 Rb3 93. Bc5 Rb8 94. Rf6 Rg8 95. Re6 $2 (95. Rd6 $18) 95... Rg6 $2 (95... Rb8 $1 96. Bd4 Rb7) 96. Re5 $18 Rf6 97. Be3 Kg6 98. Rd5 Re6 99. Bd4 Kh5 $4 {Blunder. Ra6 was best.} (99... Ra6 100. Bg1 (100. Kf2) 100... h5) 100. Kf2 $4 {Blunder. f4 was best.} (100. f4 Re4 101. Be5 (101. f5 Rg4+ (101... Rf4 102. Be3 Rf1 103. Bf2 g4 104. Kg2 Ra1 105. Be3 Ra3) 102. Kf3 Rf4+ 103. Ke3 Rf1 $18)) 100... Kg6 $18 101. Be5 Kf5 102. Bb2+ Kg6 103. Bd4 Ra6 104. Ke3 Re6+ 105. Kd3 Re7 106. Be5 Rb7 $6 {Inaccuracy. Ra7 was best.} (106... Re8 {might work better.} 107. Ke4 Ra8) (106... Ra7 107. Ke4 Ra2 108. Rd6+ Kh5 109. Rc6 Re2+ 110. Kf5 Rf2 111. Rc3 Kh4 112. Ke4) 107. Ke4 $18 Kh5 108. Rd6 Rb4+ 109. Kf5 (109. Ke3 $18 {is more deadly.}) 109... Rb3 $16 110. f4 $2 {Mistake. Ke4 was best.} (110. Ke4 Rb7 111. Kf5 Rb3 $18) 110... gxf4 111. Bxf4 Rb5+ 112. Be5 Rb1 113. Rd3 Rb4 114. Ra3 Rc4 115. Bd6 Rd4 $4 {[%mdl 8192] Blunder. Ra4 was best. [#]} (115... Ra4) 116. Bf4 $1 Kh4 {[#]} 117. Ra6 $4 {Blunder. Be5 was best.} (117. Bxh6 Rg4 118. Bf4 Kh5 $18) (117. Be5 Rd5 118. Ra4+ Kh5 (118... Kh3 119. Ra2 Rxe5+ 120. Kxe5 Kg3 121. Ke4 h5 122. Kf5 h4) 119. Ra1 (119. Ra2 Rxe5+ 120. Kxe5 Kg4 121. Rg2+ Kf3 122. Rh2 Ke3 123. Rxh6 Kd3) 119... Rxe5+ 120. Kxe5 Kg4 121. Rg1+ Kf3 122. Rh1) 117... h5 $16 118. Ra3 (118. Bg5+ Kg3 119. Re6 Ra4 120. Re3+ Kg2 $16) 118... Rxf4+ $1 119. Kxf4 {1/2-1/2 wins. Precisão Stockfish 17: Brancas 90% Pretas 90% Precisão Chess.com: Brancas 88.4% Pretas 88.5%} 1/2-1/2

[Event "87th Tata Steel Challengers 2025"]
[Site "Wijk aan Zee"]
[Date "2025.01.22"]
[Round "5.7"]
[White "Nogerbek, Kazybek"]
[Black "Bulmaga, Irina"]
[Result "1-0"]
[WhiteElo "2514"]
[BlackElo "2386"]
[Annotator "Chessbase - Stockfish 17"]
[PlyCount "101"]
[EventDate "2025.??.??"]

{[%evp 21,101,29,29,39,37,12,20,24,45,52,54,39,39,20,21,6,8,0,0,0,0,0,0,0,0,-33,25,7,0,0,0,0,0,0,0,0,0,0,14,0,20,6,23,19,19,0,0,-27,-27,-27,-27,-37,0,0,0,0,0,0,0,0,0,0,0,0,60,0,347,334,822,819,691,77,75,0,29985,29986,29986,29987,29987,29988,29988,29989]} 1. c4 Nf6 2. Nc3 g6 3. Nf3 Bg7 4. e4 d6 5. d4 O-O 6. Be2 e5 7. O-O Nc6 8. d5 Ne7 9. b4 Nh5 10. Re1 a5 11. bxa5 Rxa5 12. a4 f5 13. Ra3 fxe4 14. Nxe4 Nf4 15. Bf1 {[%cal Be2f1,Bf1g2,Bg2e4][%mdl 32]} b6 16. Nfd2 $146 {[%cal Bf3d2,Bd2b1,Bb1c3,Bc3b5][%mdl 32]} (16. Bd2 Ra8 (16... Ra7 17. h3 Bd7 18. a5 Qa8 19. Qa1 Kh8 20. Kh2 h6 21. Bb4 bxa5 22. Rxa5 Rxa5 23. Bxa5 Qa7 24. Bc3 Ra8 25. Qxa7 Rxa7 26. Rb1 Bf5 27. Rb8+ Kh7 28. Nfd2 g5 29. g3 Nfg6 30. Bd3 Ra3 {Goganov,A (2561)-Porozhniak,M (1901) Gelendzhik 2022 1-0 (45)}) 17. Qb3 Bg4 18. Nfg5 Qd7 19. f3 Bf5 20. c5 bxc5 21. Nxc5 Qc8 22. Bxf4 exf4 23. Nce6 Bxe6 24. Nxe6 Rf7 25. Bb5 Be5 26. Rxe5 dxe5 27. Ng5 Qf8 28. Nxf7 Nf5 29. Nxe5 Qc5+ 30. Kf1 Qc1+ {De Francesco,K (2290)-Hauschild,H (2210) Bad Wiessee 1998 ½-½ (40)}) 16... Bd7 17. g3 Nh5 $1 18. Nb1 Nf6 19. Bg2 Nxe4 20. Bxe4 Nf5 21. Nc3 Qf6 22. Nb5 Nd4 23. f3 $6 {Inaccuracy. Be3 was best.} (23. Nxc7 $2 Qxf2+ 24. Kh1 Bxa4 $19) (23. Be3) 23... Bf5 (23... Bxb5 $15 24. cxb5 Rfa8) 24. Kg2 Qf7 25. Bb2 {[%cal Bc1b2,Bb2c3,Bc3e1,Be1f2][%mdl 32]} Bxe4 26. Rxe4 Nf5 27. Bc3 Ra6 28. Be1 h5 29. Bf2 Ra5 30. h3 Raa8 31. g4 Nh6 $1 32. Qd3 Kh8 33. Re2 Ng8 $1 34. g5 Kh7 35. Rea2 Qe7 36. h4 Rf7 $6 {Inaccuracy. Rf4 was best.} (36... Rf4) 37. a5 bxa5 38. Rxa5 Raf8 39. Ra7 $36 {[%mdl 2048] White is pushing.} Rxf3 40. Qxf3 Rxf3 41. Kxf3 Qd7 {and ...Qg4+ would now be decisive} 42. Rxc7 {Active counter play!} Qg4+ $1 43. Ke3 {Chess con chili.} Qf4+ $4 {[%mdl 8192] Blunder. e4 was best.} (43... Ne7 $1 44. Rxe7 Qf4+ 45. Kd3 e4+ 46. Rxe4 Qf3+ 47. Re3 Qf5+ 48. Ke2 Qg4+ 49. Ke1 Qxc4) (43... e4 44. Nd4 Qd1 45. Kxe4 Qb1+ 46. Rc2 Kh8 47. Be3 Qh1+ 48. Kd3 Qd1+ 49. Rd2) 44. Ke2 $18 Ne7 $2 (44... Qe4+ 45. Kd2 Qf3) 45. Nxd6 $1 (45. Rxe7 $2 Qxc4+ 46. Kf3 Qxd5+ (46... Qxa2 $2 47. Nc7 $19) (46... Qxb5 47. Raa7 $16) 47. Kg3 Qxa2 $19) 45... Nf5 $6 {Inaccuracy. e4 was best.} (45... e4 46. Rxe7) 46. Nxf5 $2 (46. Raa7 $18 {is the precise move to win. Threatening mate with Nxf5.} Qg4+ 47. Ke1 Nxd6 48. Rxg7+ Kh8 49. Rgc7 (49. Rxg6 $2 Qe4+ 50. Kd2 Qxg6 $19) 49... Qe4+ 50. Kd2 Qf4+ 51. Kc3) 46... Qxf5 $6 $16 {Inaccuracy. Qg4+ was best.} (46... Qg4+ 47. Kd2) 47. Raa7 (47. Ra3 $16 {And now Kf1 would win.} Qe4+ 48. Be3) 47... Qe4+ $4 {[%mdl 8192] Checkmate is now unavoidable. Qc2+ was best.} (47... Qc2+ 48. Kf3 Kh8 49. Rxg7 Qe4+ 50. Kg3 Qg4+ 51. Kh2 Qf4+ 52. Bg3 Qd2+ 53. Kh3 Qd1 54. Rh7+ (54. Rxg6 Qh1+ 55. Bh2 Qf3+ 56. Bg3 Qh1+ 57. Bh2 Qf3+ 58. Bg3 Qh1+) (54. Bxe5 Qf3+ 55. Kh2 Qf2+ 56. Kh3 Qh2+ 57. Kxh2) 54... Kg8 55. Rag7+ (55. Bxe5 Qf3+ 56. Bg3 Qh1+ 57. Bh2 Qf3+ 58. Bg3 Qh1+ 59. Bh2 Qf3+ 60. Bg3) 55... Kf8 56. Rf7+ (56. Rxg6 Qh1+ 57. Bh2 Qf1+ 58. Kg3 Qf4+ 59. Kg2 Qe4+ 60. Kg1 Qb1+ 61. Kg2 Qxg6 $17) (56. Bxe5 Qf3+ 57. Bg3 Qh1+ 58. Bh2 Qf3+ 59. Bg3 Qh1+ 60. Bh2 Qf3+ 61. Bg3) 56... Kg8) 48. Kd2 Kh8 49. Rxg7 Qxc4 50. Rgc7 {[%cal Ra7a8] Precisão Stockfish 17: Brancas 97% Pretas 90% Precisão Chess.com: Brancas 85.9% Pretas 81.0%} (50. Rxg6 Qxd5+ 51. Kc1 Qc4+ 52. Kd2 Qb4+ 53. Ke2 (53. Kc1 Qc3+ 54. Kd1 Qd3+ 55. Ke1 Qb1+ 56. Ke2 Qxg6) 53... Qe4+ 54. Kf1 Qxg6) 50... Qxd5+ $2 {Checkmate is now unavoidable. Qb4+ was best.} (50... Qb4+ 51. Rc3 Qb2+ 52. Rc2 Qb8 53. Kc1 Kg8 54. d6 Qd8 55. d7 Kf7 56. Rc8) 51. Kc1 {1-0 White wins. Precisão Stockfish 17: Brancas 97% Pretas 90% Precisão Chess.com: Brancas 95.1% Pretas 87.3%} 1-0

[Event "87th Tata Steel Challengers 2025"]
[Site "Wijk aan Zee"]
[Date "2025.01.24"]
[Round "6.1"]
[White "Suleymanli, Aydin"]
[Black "Gurel, Ediz"]
[Result "1-0"]
[WhiteElo "2623"]
[BlackElo "2624"]
[Annotator "Chessbase - Stockfish 17"]
[PlyCount "183"]
[EventDate "2025.??.??"]

{[%evp 17,183,27,25,29,39,9,19,22,30,26,20,12,10,2,25,4,13,0,0,-14,12,0,0,0,0,0,51,49,85,83,86,83,103,101,107,91,104,105,103,95,102,108,111,105,113,115,113,0,120,0,111,99,105,86,122,118,134,137,125,112,118,111,118,108,117,124,138,125,135,111,115,0,114,129,152,128,136,100,110,103,118,106,123,108,104,68,75,68,71,60,101,104,94,84,109,70,80,60,99,42,46,52,43,44,135,118,111,111,114,112,114,112,120,125,124,130,131,122,130,144,169,165,183,181,230,204,252,256,256,248,490,491,407,456,538,506,502,480,533,495,348,477,518,454,369,369,335,228,1647,2225,2357,1954,1196,801,29965,29968,29981,29981,29982,29983,29984,12841,29975,29976,29985,29986,29986,29987]} 1. d4 Nf6 2. c4 e6 3. Nc3 Bb4 4. e3 O-O 5. Bd3 d5 6. a3 dxc4 7. Bxc4 Bd6 8. Nf3 Nc6 9. e4 e5 10. d5 {E51: Nimzo-Indian: Rubinstein: 4...0-0 5 Nf3 d5.} Ne7 11. h3 Ng6 12. O-O {The position is equal.} a6 13. Re1 Bd7 $146 (13... h6 14. Be3 Nh5 15. Ne2 f5 16. Ng3 Nxg3 17. fxg3 f4 18. Bf2 fxg3 19. Bxg3 Nf4 20. Rf1 Bd7 21. Qd2 g5 22. Be2 Qe8 23. Nh2 h5 24. Qd1 Qg6 25. Bxf4 gxf4 26. Bxh5 Qxe4 27. Bg4 Bb5 28. Re1 {Robson,R (2700)-Theodorou,N (2619) chess.com INT 2024 1-0 (38)}) 14. Be3 Qe7 15. Rc1 b5 16. Ba2 $146 (16. Bd3 h6 17. Ne2 Nh5 18. Qd2 Qf6 19. Kh2 {½-½ Morcin,T (2115)-Van Hooff,R (2099) SA-2012-0-00313}) 16... a5 17. Nd2 b4 18. Ncb1 h6 19. axb4 axb4 20. Bc4 Rfc8 21. Qe2 Qe8 $6 {Inaccuracy. c6 was best.} (21... c6 22. dxc6) 22. Bd3 $14 Nh7 23. Nc4 Be7 24. Nbd2 Bg5 25. Nf3 Bxe3 26. Qxe3 (26. fxe3 Nf6 $14) 26... Qe7 {[#]} 27. h4 $1 {[%mdl 512]} Nf6 28. g3 Ng4 29. Qd2 Nf6 30. Nh2 Bh3 31. Rc2 Bd7 32. Rcc1 Bh3 $1 33. Rc2 Bd7 $1 34. Nf1 Ba4 35. Rcc1 Nd7 $6 {Inaccuracy. Nf8 was best.} (35... Nf8) 36. Bc2 Bxc2 37. Rxc2 Nf6 38. Qe3 Nf8 39. Rec1 N8d7 {Prevents Nb6.} 40. Nfd2 Ra6 41. Qe2 {[%cal Yc4e5]} Rca8 42. Ne3 {[%csl Yc7] White attacks a weakness} Ne8 {[%cal Yf6e8,Ye8d6,Yd6b5,Yb5d4,Yd4c2][%mdl 32]} 43. Qb5 Rb6 44. Qe2 {[%cal Yd5d6]} Rba6 45. Nb3 Ndf6 46. Qe1 R6a7 (46... Nxe4 $2 47. Nf5 Qd7 48. Qxe4 $18) 47. Nc4 Nd6 48. Ncd2 (48. Qxb4 $6 Rb7 49. Qc3 Nfxe4) 48... Rb8 49. Qe3 Rba8 50. Rc6 Nfe8 51. Nc5 {White has more active pieces.} Nb5 52. Nd3 Nd4 53. R6c5 {[%cal Yg1g2]} Ra1 {[%cal Ye7c5] [#] and ...Qxc5! should not be overlooked} 54. Kg2 $1 b3 55. R5c3 Nc2 56. Qe2 Nd4 57. Qd1 Rxc1 58. Nxc1 (58. Qxc1 $2 Ne2 59. Qd1 (59. d6 $2 Qxd6 60. Nc4 Qd4 $19) 59... Nxc3 60. bxc3 Qa3 61. Nxb3 Nf6 $19) (58. Rxc1 $16 Nd6 59. Nxb3 Nxe4 60. Nxd4 exd4 61. Qg4) 58... Nd6 59. Ncxb3 f5 60. exf5 Qf7 $6 {Inaccuracy. N4xf5 was best. White leaves nothing to chance now.} (60... N4xf5 61. Nc5 Nb5) 61. Nxd4 exd4 62. Rf3 Qxd5 {[%cal Yc7c5]} 63. Qb3 Qxb3 64. Nxb3 $16 {[%mdl 4096] Endgame KRN-KRN. White is a pawn up.} d3 65. Rxd3 Nxf5 66. Nc5 Rb8 67. b3 Rb5 68. Ne6 c6 69. h5 Re5 70. Nf4 Kf7 $6 {Inaccuracy. Ne7 was best.} (70... Ne7 71. Rd7 (71. Re3 Rxe3 72. fxe3 Nf5 73. Kf3 Kf7 74. Nd3 Ke6 75. g4 Nd6 76. Kf4) 71... Kf8) 71. Ng6 $18 Rd5 $6 {Inaccuracy. Re4 was best.} (71... Re4 72. Kf3 Rd4 73. Rc3 Ne7 74. Ne5+ Ke8 75. Re3 Kd8 76. Rd3 Rxd3+ 77. Nxd3) 72. Rxd5 cxd5 {KN-KN. White is a pawn up.} 73. Nf4 Ne7 $2 (73... Nd4 {was worth a try.} 74. b4 (74. Nxd5 Nxb3 75. f4 g6 $14) 74... Kf6 75. Nxd5+ Kf5) 74. b4 {[%cal Yb3b4,Yb4b5][%mdl 32]} Ke8 75. Ne6 Kf7 76. Nd4 g6 77. hxg6+ Kxg6 78. b5 Nc8 79. f4 h5 80. Kh3 Nb6 81. Kh4 Nc4 82. Nc6 Kh6 $6 {Inaccuracy. Nb6 was best.} (82... Nb6 83. Nb4 (83. Ne5+) 83... Kh6) 83. g4 hxg4 84. Kxg4 {And now Ne5 would win.} Kg7 85. Ne5 {White wants to mate with Nxc4.} Nb6 86. Kf5 Kf8 87. Ke6 d4 88. f5 {[%cal Yf4f5,Yf5f6][%mdl 32]} Na8 89. Kd6 (89. Nd7+ Kg8 90. b6 Kh7 91. Ke5 d3 92. Nf6+ (92. b7 d2 $18) 92... Kh6 93. b7 d2 94. bxa8=Q (94. bxa8=R d1=Q)) 89... Nb6 90. f6 {White mates.} d3 $6 {Inaccuracy. Na4 was best.} (90... Na4 91. f7 d3 92. Ke6 Nc5+ 93. Kf6 Ne4+ 94. Kg6 Nd6 95. Nd7+ Ke7 96. f8=Q+) 91. Nxd3 Kf7 92. Ne5+ {[%eval 8608,0] Weighted Error Value: White=0.17 (very precise) /Black=0.09 (flawless) Mistake: 	White=1 	Black=5 Inaccurate: 	White=5 	Black=4 OK: 	White=33 	Black=22 Best: 	White=3 	Black=4 Strong: 	White=1 	Black=2 Precisão Stockfish 17: Brancas 97% Pretas 94% Precisão Chess.com: Brancas 92.8 Pretas} 1-0

[Event "87th Tata Steel Challengers 2025"]
[Site "Wijk aan Zee"]
[Date "2025.01.24"]
[Round "6.2"]
[White "Bulmaga, Irina"]
[Black "Vaishali, Rameshbabu"]
[Result "1/2-1/2"]
[WhiteElo "2386"]
[BlackElo "2476"]
[Annotator "Chessbase - Stockfish 17"]
[PlyCount "64"]
[EventDate "2025.??.??"]

{[%evp 16,64,13,10,12,5,20,31,47,25,12,19,30,7,15,8,52,36,25,25,33,39,24,0,0,0,21,23,26,0,0,0,0,0,0,0,0,-16,0,0,0,0,0,0,0,0,0,0,0,0,0]} 1. e4 e6 2. d4 d5 3. Nc3 Nf6 4. e5 Nfd7 5. f4 c5 6. Nf3 {[%cal Yg1f3,Yf3d4,Yd4c6][%mdl 32]} Nc6 7. Be3 a6 8. a3 cxd4 9. Nxd4 Bc5 {C11: French: Classical System: 4 e5 and 4 Bg5 dxe4.} 10. Qd2 g5 $1 {[%mdl 4] is currently scoring better than 10...0-0.} 11. Nxc6 (11. fxg5 Bxd4 12. Bxd4 Nxd4 13. Qxd4 Qxg5 $15) (11. f5 Nxd4 12. Bxd4 Bxd4 13. Qxd4 Qb6 14. Qxb6 Nxb6 15. fxe6 fxe6 (15... Bxe6 16. O-O-O Rc8 17. Be2 Ke7 18. Rd4 Rc5 19. Rhd1 Rhc8 20. Bd3 h6 21. Rb4 R8c6 22. Re1 a5 23. Rb5 d4 24. Ne2 Bc4 25. Bxc4 Rxc4 {Hou Yifan (2633)-Vaishali,R (2487) London ENG 2024 1-0 (66)}) 16. h4 g4 17. Bd3 Nd7 18. O-O Ke7 19. Rae1 b5 20. Rf4 h5 21. Bg6 Rh6 22. Rf7+ Ke8 23. Rf6+ Ke7 24. Rf7+ Ke8 25. Rf6+ Ke7 {Svidler,P (2714)-Nepomniachtchi,I (2792) Paris 2021 ½-½}) 11... Bxe3 $1 {White is slightly better.} 12. Nxd8 {Excellent horsemanship.} Bxd2+ 13. Kxd2 {[%cal Yd8f7] Black should prevent Nxf7!.} gxf4 $146 {[#]} (13... Kxd8 14. g3 b5 (14... gxf4 15. gxf4 f6 16. exf6 Nxf6 17. Bd3 Bd7 18. Rhg1 Kc7 19. Ne2 Raf8 20. Raf1 Kd6 21. Nd4 Rhg8 22. Rg3 Rxg3 23. hxg3 Rg8 24. Ne2 Be8 25. Rh1 Bh5 26. Bxh7 Rg7 27. Bd3 Bxe2 28. Kxe2 {Pichot,A (2642)-Bluebaum,M (2670) chess.com INT 2023 ½-½ (42)}) 15. Bd3 Bb7 16. Ne2 Ke7 17. Nd4 Rag8 18. Rhg1 Rg7 19. Nf3 h6 20. f5 exf5 21. Nd4 Rgg8 22. Rae1 Kd8 23. e6 fxe6 24. Nxe6+ Kc8 25. Bxf5 Kb8 26. Rgf1 Re8 27. Ng7 Rxe1 28. Rxe1 {Muzychuk,A (2525)-Agmanov,Z (2458) Almaty KAZ 2024 1-0 (60)}) 14. Nxf7 Kxf7 15. Re1 Rg8 {[#]} 16. Nxd5 $1 exd5 17. e6+ Kf6 18. exd7 Bxd7 19. Re2 Bf5 20. Rf2 {[%cal Yf1d3]} Be4 21. Rxf4+ Ke5 22. Rf7 {[%cal Yh1g1]} Raf8 {The position is equal.} 23. Re7+ Kd6 24. Rxb7 Rf2+ (24... Bxg2 25. Bxg2 Rxg2+ 26. Kc1 $15) 25. Ke3 Rxc2 {Threatens to win with ...Re8.} 26. Bxa6 Rgxg2 27. Bd3 $1 Bxd3 28. Kxd3 Rgd2+ (28... Rxh2 29. Rxh2 Rxh2 30. b4) 29. Ke3 Re2+ (29... Rxh2 30. Rxh2 Rxh2 31. a4) 30. Kd3 Rcd2+ (30... Rxh2 31. Rxh2 Rxh2 32. Kc3) 31. Kc3 Rc2+ (31... Rxh2 32. Rxh2 Rxh2 33. Rb5) 32. Kd3 Rcd2+ {[%eval 9801,0] Weighted Error Value: White=0.07 (flawless) /Black=0.05 (flawless) Inaccurate: 	White=1 	Black=1 OK: 	White=9 	Black=8 Best: 	White=2 	Black=1 Strong: 	White=1 	Black=1 Precisão Stockfish 17: Brancas 98% Pretas 98% Precisão Chess.com: Brancas 97.6 Pretas} (32... Rxh2 33. Rxh2 Rxh2 34. b3) 1/2-1/2

[Event "87th Tata Steel Challengers 2025"]
[Site "Wijk aan Zee"]
[Date "2025.01.24"]
[Round "6.3"]
[White "Bok, Benjamin"]
[Black "Nogerbek, Kazybek"]
[Result "1/2-1/2"]
[WhiteElo "2583"]
[BlackElo "2514"]
[Annotator "Chessbase - Stockfish 17"]
[PlyCount "60"]
[EventDate "2025.??.??"]

{[%evp 15,60,10,22,12,23,20,39,13,24,31,24,29,28,22,18,12,19,8,15,8,16,14,16,19,51,43,44,43,47,47,48,48,48,48,48,45,48,48,43,43,58,58,72,42,61,50,50]} 1. c4 e6 2. Nc3 d5 3. d4 Nf6 4. cxd5 exd5 5. Bg5 {[%cal Yc1g5,Yg5h4,Yh4g3,Yg3f4,Yf4d6,Yd6e7][%mdl 32]} c6 6. e3 h6 7. Bh4 Be7 8. Bd3 O-O 9. Nge2 {9.Bg3 is the recent fashion. D35: Queen's Gambit Declined: Exchange Variation.} Ne8 10. Bg3 Nd6 11. Bf4 (11. O-O Re8 12. Qc2 Bf8 13. Rae1 a5 14. Nf4 Na6 15. a3 Qf6 16. f3 b5 17. Bf2 Nc4 18. g3 Qd8 19. e4 b4 20. exd5 Rxe1 21. Rxe1 Nd6 22. Na4 cxd5 23. Nxd5 Rb8 24. Nc5 Nb5 25. Bxb5 Rxb5 {Maghsoodloo,P (2721)-Carlsen,M (2856) Mayrhofen 2022 ½-½ (39)}) 11... Bf5 $146 (11... Re8 12. Ng3 Bf8 13. O-O Nd7 14. b3 b6 15. Rc1 Bb7 16. Qf3 Nf6 17. Be5 Nd7 18. Bxd6 Bxd6 19. e4 dxe4 20. Ncxe4 Bf8 21. Bc4 Nf6 22. Nh5 Nd5 23. Rfe1 Re6 24. Nf4 Re8 25. Nd3 b5 26. Ne5 {Caruana,F (2798)-Moussard,J (2600) chess.com INT 2024 1-0 (39)}) 12. Bxd6 Bxd3 13. Bxe7 Bxe2 14. Bxd8 Bxd1 15. Bh4 {Black is weak on the dark squares} Bh5 16. Kd2 Nd7 {[%cal Yb8d7,Yd7b6,Yb6c4][%mdl 32]} 17. Na4 {[%cal Yc3a4,Ya4c5,Yc5a6,Ya6b4,Yb4d3][%mdl 32]} Rfe8 18. Bg3 Bg6 19. Rac1 Nb6 $6 {Inaccuracy. f6 was best.} (19... f6 20. h4 h5 21. f3 a5 22. Bf4 Ra7 23. Rhg1 Ra6 24. Ke2 Bf5 25. Rgd1) 20. Nc5 Nc4+ 21. Kc3 b6 22. Na6 {Nc7 would now be deadly.} Rac8 23. b3 Na5 24. Kd2 Bf5 25. Rc3 Rcd8 26. Rd1 Bc8 27. Nb4 Bb7 {[%cal Yc6c5]} 28. f3 f6 29. Nd3 g5 30. Rc2 Bc8 {[%eval 9701,0] Weighted Error Value: White=0.05 (flawless) /Black=0.08 (flawless) Inaccurate: 	White=2 	Black=1 OK: 	White=13 	Black=4 Best: 	White=1 	Black=3 Precisão Stockfish 17: Brancas 98% Pretas 97% Precisão Chess.com: Brancas 97.9 Pretas} 1/2-1/2

[Event "87th Tata Steel Challengers 2025"]
[Site "Wijk aan Zee"]
[Date "2025.01.24"]
[Round "6.4"]
[White "Nguyen, Thai Dai Van"]
[Black "L'Ami, Erwin"]
[Result "1/2-1/2"]
[WhiteElo "2668"]
[BlackElo "2614"]
[Annotator "Chessbase - Stockfish 17"]
[PlyCount "74"]
[EventDate "2025.??.??"]

{[%evp 14,74,8,7,0,12,18,16,10,10,10,11,14,2,2,0,0,8,0,0,22,0,10,0,47,35,93,84,86,77,81,83,87,0,0,0,0,0,0,-20,-12,-18,-13,-37,-30,-22,-23,-60,-66,-70,-72,-77,-79,-65,0,0,0,0,0,0,0,-7,0]} 1. e4 c5 2. Nf3 d6 3. d4 cxd4 4. Nxd4 Nf6 5. Nc3 a6 6. a4 e5 7. Nf3 Be7 8. Bg5 Be6 {B90: Sicilian Najdorf: Unusual White 6th moves, 6 Be3 Ng4 and 6 Be3 e5.} 9. Bxf6 Bxf6 10. Nd5 {Prevents Qb6} Nd7 11. Bc4 Rc8 12. Qe2 Nb6 13. Nxf6+ Qxf6 14. Bxe6 Qxe6 15. O-O O-O 16. Rfd1 Rc6 17. b3 Nd7 18. Rd2 {Not much happening anymore} Nf6 $146 (18... Rfc8 19. Rad1 Qe7 20. g3 Nc5 21. Rd5 b5 22. axb5 axb5 23. h4 h6 24. h5 Qf6 25. R1d2 b4 26. Nh4 Ne6 27. Nf5 Nd4 28. Nxd4 exd4 29. Rb5 Rc3 30. Rxb4 d3 31. cxd3 Rc1+ 32. Kh2 Rb1 33. Rc4 {Ivanchuk,V (2611)-Donchenko,A (2633) Sant Ferran de ses Roques ESP 2024 ½-½ (54)}) 19. Rad1 $14 Qg4 $6 {Inaccuracy. Rd8 was best.} (19... Rfc8 $14) (19... Rd8) 20. Rxd6 $16 Rxd6 21. Rxd6 Nxe4 22. h3 Qf4 23. g3 $2 {Mistake. Rd7 was best.} (23. Rd7 b5 24. axb5 axb5 25. g3 Qc1+ 26. Kg2 Nf6 27. Rd1 Qb2 28. Nxe5 Re8) 23... Qc1+ 24. Qd1 Qxd1+ 25. Rxd1 {[%mdl 4096] Endgame KRN-KRN} f6 26. a5 Rc8 27. c4 Rc7 28. Kf1 Kf7 29. Rc1 Nc5 30. Rb1 Nd3 31. Nd2 Nb4 32. Ne4 f5 33. Ng5+ Kg6 (33... Ke7 $1 $15) 34. Ne6 {The position is equal.} Re7 35. Nc5 Rc7 36. Ne6 Re7 37. Nc5 Rc7 {Weighted Error Value: White=0.10 (very precise) /Black=0.07 (flawless) Mistake: 	White=1 	Black=3 Inaccurate: 	White=1 	--- OK: 	White=16 	Black=14 Best: 	White=2 	Black=1 Precisão Stockfish 17: Brancas 98% Pretas 97% Precisão Chess.com: Brancas 96.9% Pretas 97.2%} 1/2-1/2